| 000 | 00796nam a2200205 a 4500 | ||
|---|---|---|---|
| 008 | 120416s2009 ||||||||||||||||| || u | ||
| 020 | _a9789290451952 | ||
| 050 | _aUNIDIR(08)MNFC/4 | ||
| 100 | _aYudin, Yury | ||
| 245 | 1 | 0 |
_aMultilateralization of the nuclear fuel cycle: assessing the existing proposals _cedited by Yury Yudin |
| 260 |
_aGeneva _bUnited Nations Institute for Disarmament Research [UNIDIR] _c2009 |
||
| 300 | _axvi, 105p.: ill. | ||
| 350 | _a0.00 | ||
| 362 | 1 | _a<p>UNIDIR/2009/4</p> | |
| 650 | _aNuclear fuels | ||
| 650 | _aENERGY | ||
| 650 | _aURANIUM ENRINCHMENT | ||
| 650 | _aENERGY POLICY--INTERNATIONAL COOPERATION | ||
| 995 |
_FCBU-MAIN LIBRARY (Kitwe) _I0.00 _M1 _UAVAILABLE _WMar 13, 2013 _ZInternational Publications |
||
| 999 |
_c51770 _d51770 |
||